Science for peace and progress : (Record no. 187161)

000 -LEADER
fixed length control field 00739 a2200205 4500
003 - CONTROL NUMBER IDENTIFIER
control field Nust
005 - DATE AND TIME OF LATEST TRANSACTION
control field 20170207153457.0
010 ## - LIBRARY OF CONGRESS CONTROL NUMBER
LC control number 2008344447
020 ## - INTERNATIONAL STANDARD BOOK NUMBER
International Standard Book Number 9780975586051
040 ## - CATALOGING SOURCE
Transcribing agency Nust
082 ## - DEWEY DECIMAL CLASSIFICATION NUMBER
Classification number 920
245 00 - TITLE STATEMENT
Title Science for peace and progress :
Remainder of title life and work of Abdus Salam /
Statement of responsibility, etc. compiled, edited, introduced by Anwar Dil.
250 ## - EDITION STATEMENT
Edition statement 1st ed.
260 ## - PUBLICATION, DISTRIBUTION, ETC.
Place of publication, distribution, etc. San Diego Ca :
Name of publisher, distributor, etc. Intercultural Forum Takshila Research University,
Date of publication, distribution, etc. 2008.
300 ## - PHYSICAL DESCRIPTION
Extent 668 p. :
Other physical details ill. ;
Dimensions 25 cm.
505 ## - FORMATTED CONTENTS NOTE
Formatted contents note Part I. Selected Writings By Abdus Salam (Page-75), Part II. Tributes And Reminiscences (Page-395), Part III. Annexes (Page-629).
538 ## - SYSTEM DETAILS NOTE
System details note Almirah No.60 Shelf No.4
700 1# - ADDED ENTRY--PERSONAL NAME
Personal name Dil, Anwar S.
710 2# - ADDED ENTRY--CORPORATE NAME
Corporate name or jurisdiction name as entry element Takshila Research University.
942 ## - ADDED ENTRY ELEMENTS (KOHA)
Source of classification or shelving scheme
Koha item type Book
Holdings
Withdrawn status Lost status Source of classification or shelving scheme Damaged status Not for loan Permanent Location Current Location Shelving location Date acquired Full call number Barcode Date last seen Price effective from Koha item type
          Central Library (CL) Central Library (CL) General Stacks 08/08/2018 925.5491 SCI NBSD-3052 08/08/2018 08/08/2018 Book
© 2023 Central Library, National University of Sciences and Technology. All Rights Reserved.